| 000 | 01052nas a2200289 4500 | ||
|---|---|---|---|
| 001 | BR8101977 | ||
| 003 | BR-BrBNA | ||
| 005 | 20231205084619.0 | ||
| 007 | ta | ||
| 008 | 230509b bl.|||p| |||| 00| 00por d | ||
| 040 |
_aBR-BrBNA _bpor _cBiblioteca Nacional de Agricultura |
||
| 041 | _a(Pt) | ||
| 072 | _aH10 | ||
| 100 | 1 | _aLink, D. | |
| 100 | 1 | _aRanichi, J. de A.V. | |
| 100 | 1 | _aConcatto, L.C. | |
| 245 | 1 | _aOviposicao de Piezodorus guildinii (Westwood, 1837)sobre feijoeiro [Percevejo; Phaseolus vulgaris; Santa Maria; Rio Grande do Sul; Brasil] | |
| 246 | 1 | _aOviposition of the stink bug, Piezodorus guildinii (Westwood, 1837)on bean plant [Bug; Phaseolus vulgaris; Santa Maria; Rio Grande do Sul; Brazil] | |
| 650 | _aPraga de planta | ||
| 650 | _aFeijao | ||
| 650 | _aPercevejo | ||
| 650 | _aSanta Maria | ||
| 650 | _aRio Grande do Sul | ||
| 773 | 0 |
_tRevista do Centro de Ciencias Rurais (Brazil) _xISSN 0085-5901 _g(Sep 1980), v. 10(3) p. 271-276 _wBR8101977 |
|
| 909 |
_a202311 _bLúcia _c55 _dLúcia Elande |
||
| 942 |
_2AGRIS _n0 _cANA |
||
| 999 |
_c106256 _d106256 |
||